[Event "Tatry op"]
[Site "Tatranske Matliare"]
[Date "2025.05.28"]
[Round "5"]
[White "Motuz, Karol"]
[Black "Skreno, Vladimir"]
[Result "0-1"]
[WhiteElo "2290"]
[BlackElo "2070"]
[PlyCount "78"]
[EventDate "2025.05.24"]
[EventType "swiss"]
[EventRounds "8"]
[EventCountry "SVK"]
[SourceTitle "CB23_2025"]
[SourceDate "2025.06.04"]
[SourceVersion "1"]
[SourceVersionDate "2025.06.04"]
[SourceQuality "1"]

1. d4 Nf6 2. c4 e6 3. Nf3 d5 4. Nc3 c6 5. e3 Nbd7 6. Qc2 g6 7. Be2 Bg7 8. 0-0 0-0 9. b4 a6 10. Rd1 Qe7 11. Qb3 dxc4 12. Bxc4 Nd5 13. Ba3 b5 14. Be2 Bb7 15. Rac1 Rfc8 16. Ne4 h6 17. g3 Ra7 18. Nc5 Nxc5 19. Rxc5 Bf8 20. e4 Nf6 21. Qb1 Nd7 22. Rc3 Rca8 23. Nd2 e5 24. Nb3 a5 25. Nxa5 exd4 26. Rb3 c5 27. Bxb5 Bxe4 28. Qb2 Ne5 29. Re1 Bd5 30. Kf1 Qe6 31. Rxe5 Qxe5 32. Nc6 Qe4 33. Nxa7 Qg2+ 34. Ke2 Rxa7 35. bxc5 Re7+ 36. Kd3 Qe4+ 37. Kd2 Qe1+ 38. Kd3 Qd1+ 39. Qd2 Be4+ 0-1

[Event "Tatry op"]
[Site "Tatranske Matliare"]
[Date "2025.05.27"]
[Round "4"]
[White "Kantorik, Marian"]
[Black "Skreno, Vladimir"]
[Result "1/2-1/2"]
[WhiteElo "2161"]
[BlackElo "2070"]
[PlyCount "33"]
[EventDate "2025.05.24"]
[EventType "swiss"]
[EventRounds "8"]
[EventCountry "SVK"]
[SourceTitle "CB23_2025"]
[SourceDate "2025.06.04"]
[SourceVersion "1"]
[SourceVersionDate "2025.06.04"]
[SourceQuality "1"]

1. d4 Nf6 2. c4 e6 3. Nf3 d5 4. g3 c5 5. cxd5 exd5 6. Bg2 Nc6 7. 0-0 Be7 8. Nc3 c4 9. Ne5 0-0 10. Bg5 Be6 11. f4 Ne8 12. Bxe7 Nxe7 13. b3 f6 14. Nf3 Nd6 15. b4 Qd7 16. Re1 Rfe8 17. e3 1/2-1/2

[Event "SVK-ch blitz"]
[Site "Poprad"]
[Date "2025.05.02"]
[Round "2"]
[White "Pisarcik, Richard"]
[Black "Skreno, Vladimir"]
[Result "1/2-1/2"]
[WhiteElo "1835"]
[BlackElo "2014"]
[PlyCount "100"]
[EventDate "2025.05.02"]
[EventType "swiss (blitz)"]
[EventRounds "13"]
[EventCountry "SVK"]
[SourceTitle "CB19_2025"]
[SourceDate "2025.05.07"]
[SourceVersion "1"]
[SourceVersionDate "2025.05.07"]
[SourceQuality "1"]

1. e4 c5 2. Nf3 Nc6 3. c3 Nf6 4. e5 Nd5 5. d4 cxd4 6. cxd4 d6 7. Bc4 e6 8. 0-0 Be7 9. exd6 Qxd6 10. Nc3 Nxc3 11. bxc3 Bd7 12. a4 Qc7 13. Bd3 0-0 14. Bb2 Bf6 15. Re1 Ne7 16. Ba3 Rfe8 17. c4 Qa5 18. Ne5 Bc6 19. Nxc6 Nxc6 20. Bb2 Rad8 21. Qg4 Qg5 22. Qxg5 Bxg5 23. Rad1 Bf6 24. Be4 Nxd4 25. Bxd4 Bxd4 26. Bxb7 Bc5 27. Bc6 Rf8 28. Bb5 Rd4 29. Rxd4 Bxd4 30. Rd1 e5 31. Kf1 Rc8 32. Ke2 Kf8 33. f3 Ke7 34. a5 Kd6 35. a6 Kc5 36. g3 f5 37. Bd7 Rb8 38. Bxf5 Rb2+ 39. Rd2 Rxd2+ 40. Kxd2 Kxc4 41. Bxh7 g5 42. Bd3+ Kd5 43. h3 Ke6 44. g4 Kf6 45. Be4 Bb6 46. Kd3 Bc5 47. Kc4 Bb6 48. Kd5 Bf2 49. Kd6 Bg1 50. Kd5 Bf2 1/2-1/2

[Event "EU-ch Rapid"]
[Site "Skopje"]
[Date "2024.12.07"]
[Round "3"]
[White "Skreno, Vladimir"]
[Black "Paichadze, Luka"]
[Result "0-1"]
[WhiteElo "2067"]
[BlackElo "2532"]
[PlyCount "94"]
[EventDate "2024.12.07"]
[EventType "swiss (rapid)"]
[EventRounds "11"]
[EventCountry "MKD"]
[SourceTitle "CB50_2024"]
[SourceDate "2024.11.01"]
[SourceVersion "1"]
[SourceVersionDate "2024.11.01"]
[SourceQuality "2"]

1. d4 Nf6 2. Nf3 e6 3. Bg5 d5 4. e3 c5 5. c3 Nbd7 6. Nbd2 Qc7 7. Bb5 a6 8. Bxd7+ Nxd7 9. Bf4 Qc6 10. 0-0 Be7 11. Re1 0-0 12. e4 b5 13. Rc1 dxe4 14. Nxe4 Bb7 15. dxc5 Nxc5 16. Nxc5 Bxc5 17. Be3 Rfd8 18. Qe2 Bxe3 19. Qxe3 Rd5 20. Red1 Rad8 21. Rxd5 Rxd5 22. Ne1 h6 23. f3 Qd6 24. Rc2 Re5 25. Qc1 Qc5+ 26. Kh1 Qc4 27. Rf2 Qf4 28. Qd1 Qe3 29. Qd8+ Kh7 30. Qd3+ f5 31. Qxe3 Rxe3 32. Nc2 Rd3 33. h3 e5 34. Nb4 Rd1+ 35. Kh2 g5 36. Re2 e4 37. fxe4 fxe4 38. Kg3 Kg6 39. Nc2 h5 40. Ne3 Rd3 41. Kf2 Bc8 42. c4 Be6 43. cxb5 axb5 44. b3 h4 45. Rc2 Kf6 46. Ke2 Ke5 47. Rc5+ Kd4 0-1

[Event "SVK-chT1W 2425"]
[Site "Slovakia"]
[Date "2024.11.17"]
[Round "2.5"]
[White "Chovanec, Milan"]
[Black "Skreno, Vladimir"]
[Result "1/2-1/2"]
[WhiteElo "2075"]
[BlackElo "2067"]
[PlyCount "62"]
[EventDate "2024.11.16"]
[EventType "team-tourn"]
[EventRounds "11"]
[EventCountry "SVK"]
[SourceTitle "CB51_2024"]
[SourceDate "2024.12.18"]
[SourceVersion "1"]
[SourceVersionDate "2024.12.18"]
[SourceQuality "1"]
[WhiteTeam "Povazske Podhradie"]
[BlackTeam "Nitra NSK"]
[WhiteTeamCountry "SVK"]
[BlackTeamCountry "SVK"]

1. e4 c6 2. d4 d6 3. c4 Nd7 4. Nc3 e5 5. Nf3 Ngf6 6. Be2 Qc7 7. h3 g6 8. Be3 Bg7 9. 0-0 0-0 10. Qc2 Re8 11. dxe5 dxe5 12. Rfd1 Nf8 13. Bc5 N6d7 14. Bd6 Qd8 15. c5 Qf6 16. b4 Ne6 17. a4 a5 18. Qb2 axb4 19. Qxb4 Nd4 20. Ra2 b6 21. cxb6 c5 22. Bxc5 Nxc5 23. Qxc5 Be6 24. Nd5 Bxd5 25. exd5 Bf8 26. Qc3 Rxa4 27. Rb2 Rb4 28. Kf1 Qxb6 29. Rxb4 Bxb4 30. Rb1 Rb8 31. Qc4 Nxf3 1/2-1/2

[Event "Tatran Cup 70th"]
[Site "Tatranske Matliare"]
[Date "2024.10.10"]
[Round "7"]
[White "Czajkowski, Ryszard"]
[Black "Skreno, Vladimir"]
[Result "0-1"]
[WhiteElo "1972"]
[BlackElo "2044"]
[PlyCount "50"]
[EventDate "2024.10.05"]
[EventType "swiss"]
[EventRounds "8"]
[EventCountry "SVK"]
[SourceTitle "CB45_2024"]
[Source "ChessBase"]
[SourceDate "2024.11.06"]
[SourceVersion "1"]
[SourceVersionDate "2024.11.06"]
[SourceQuality "1"]

1. d4 Nf6 2. c4 e5 3. dxe5 Ng4 4. e4 Nxe5 5. f4 Nec6 6. Be3 Bb4+ 7. Nc3 Qe7 8. Bd3 Bxc3+ 9. bxc3 d6 10. Qh5 Nd7 11. Nf3 g6 12. Qg5 Qxg5 13. Nxg5 h6 14. Nf3 Nc5 15. Bxc5 dxc5 16. Rb1 b6 17. Kf2 Ba6 18. Rbd1 0-0-0 19. Rhe1 Rhe8 20. g4 Na5 21. Ne5 Re7 22. h4 g5 23. Kg3 gxf4+ 24. Kxf4 Rd6 25. Bf1 Rde6 0-1

[Event "Tatran Cup 70th"]
[Site "Tatranske Matliare"]
[Date "2024.10.09"]
[Round "6"]
[White "Skreno, Vladimir"]
[Black "Munk, Lubomir"]
[Result "1-0"]
[WhiteElo "2044"]
[BlackElo "1843"]
[PlyCount "107"]
[EventDate "2024.10.05"]
[EventType "swiss"]
[EventRounds "8"]
[EventCountry "SVK"]
[SourceTitle "CB45_2024"]
[Source "ChessBase"]
[SourceDate "2024.11.06"]
[SourceVersion "1"]
[SourceVersionDate "2024.11.06"]
[SourceQuality "1"]

1. Nf3 g6 2. d4 Bg7 3. c4 Nf6 4. Nc3 0-0 5. e4 d6 6. Be2 e5 7. dxe5 dxe5 8. Qxd8 Rxd8 9. Bg5 c6 10. 0-0 Re8 11. Nd2 Nbd7 12. b4 Nf8 13. c5 Be6 14. Rfd1 h6 15. Be3 Ng4 16. Nf1 Nxe3 17. Nxe3 f5 18. Nc4 Bxc4 19. Bxc4+ Kh7 20. Rd6 Rad8 21. Rad1 Rxd6 22. Rxd6 Re7 23. Kf1 h5 24. Ke2 Bh6 25. Kd3 Bg5 26. Kc2 Rc7 27. f3 Be7 28. Rd1 Kg7 29. Bd3 Kf6 30. Bc4 Ne6 31. Bxe6 Kxe6 32. Kb3 f4 33. Kc4 g5 34. Rd3 g4 35. Nd5 b5+ 36. Kc3 cxd5 37. exd5+ Kd7 38. d6 Rc6 39. dxe7+ Kxe7 40. Rd5 Re6 41. Kd3 Kf6 42. Ke4 a6 43. a3 Re7 44. Rd6+ Kg5 45. c6 h4 46. h3 g3 47. Rd7 Re8 48. c7 Rc8 49. Kxe5 Re8+ 50. Kd6 Kf6 51. Rd8 Re2 52. c8Q Rd2+ 53. Kc6 Rc2+ 54. Kb7 1-0

[Event "SVK-ch U2300"]
[Site "Liptovsky Jan"]
[Date "2024.06.16"]
[Round "3"]
[White "Skreno, Vladimir"]
[Black "Karas, Marek"]
[Result "0-1"]
[WhiteElo "2081"]
[BlackElo "2187"]
[PlyCount "70"]
[EventDate "2024.06.15"]
[EventType "swiss"]
[EventRounds "8"]
[EventCountry "SVK"]
[SourceTitle "CBM 220 Extra"]
[Source "ChessBase"]
[SourceDate "2024.07.31"]
[SourceVersion "1"]
[SourceVersionDate "2024.07.31"]
[SourceQuality "1"]

1. d4 d5 2. Nf3 c5 3. c3 Nf6 4. dxc5 a5 5. e3 g6 6. Qa4+ Bd7 7. Bb5 Bg7 8. Nbd2 0-0 9. 0-0 Qc7 10. Nb3 Rd8 11. Bd2 Ne4 12. Nfd4 e5 13. Ne2 Bxb5 14. Qxb5 a4 15. f3 axb3 16. fxe4 dxe4 17. Be1 bxa2 18. Bh4 Rf8 19. b4 f5 20. Qc4+ Qf7 21. Qxf7+ Rxf7 22. Rfd1 f4 23. Rd2 Nd7 24. Rdxa2 Rxa2 25. Rxa2 Bh6 26. Bf2 Nf6 27. Ra8+ Kg7 28. exf4 exf4 29. Bd4 g5 30. b5 Kg6 31. Bxf6 Kxf6 32. c6 Bf8 33. Nd4 Bc5 34. cxb7 Rxb7 35. Ra6+ Ke5 0-1

[Event "SVK-chT2B 2324"]
[Site "Slovakia"]
[Date "2024.02.11"]
[Round "9.4"]
[White "Kulich, Filip"]
[Black "Skreno, Vladimir"]
[Result "1-0"]
[WhiteElo "2032"]
[BlackElo "2078"]
[PlyCount "93"]
[EventDate "2023.10.07"]
[EventType "team-tourn"]
[EventRounds "11"]
[EventCountry "SVK"]
[SourceTitle "EXT 2025"]
[Source "ChessBase"]
[SourceDate "2024.10.14"]
[SourceVersion "1"]
[SourceVersionDate "2024.10.14"]
[SourceQuality "1"]
[WhiteTeam "Povazske Podhradie"]
[BlackTeam "Tlmace"]
[WhiteTeamCountry "SVK"]
[BlackTeamCountry "SVK"]

1. e4 c5 2. c3 d5 3. exd5 Qxd5 4. d4 e5 5. dxe5 Qxe5+ 6. Be2 Bg4 7. Be3 Bxe2 8. Qxe2 Nd7 9. Nf3 Qe7 10. 0-0 Ngf6 11. Re1 0-0-0 12. Qc2 Qe4 13. Qb3 Qg6 14. Na3 Bd6 15. Nc4 Bc7 16. Qa3 Kb8 17. Bxc5 Nxc5 18. Qxc5 Rd5 19. Qb4 Ng4 20. Ne3 Nxe3 21. Rxe3 Rhd8 22. Rae1 Qa6 23. a4 g5 24. Re8 Qg6 25. g3 Qf6 26. Rxd8+ Rxd8 27. Qe4 h5 28. Nd4 h4 29. Re3 hxg3 30. hxg3 a6 31. Qf5 Qxf5 32. Nxf5 Rd2 33. b4 Bb6 34. Rf3 a5 35. bxa5 Bxa5 36. Nh6 f6 37. Ng4 Ra2 38. Nxf6 Rxa4 39. Nd7+ Kc7 40. Nc5 Ra1+ 41. Kg2 Ra3 42. c4 Rxf3 43. Kxf3 Bd2 44. Ne4 Bc1 45. Ke2 Kc6 46. Kd3 b6 47. Kc2 1-0

[Event "SVK-chT2B 2324"]
[Site "Slovakia"]
[Date "2024.02.10"]
[Round "8.4"]
[White "Skreno, Vladimir"]
[Black "Masarik, Drahoslav"]
[Result "1-0"]
[WhiteElo "2078"]
[BlackElo "1879"]
[PlyCount "69"]
[EventDate "2023.10.07"]
[EventType "team-tourn"]
[EventRounds "11"]
[EventCountry "SVK"]
[SourceTitle "EXT 2025"]
[Source "ChessBase"]
[SourceDate "2024.10.14"]
[SourceVersion "1"]
[SourceVersionDate "2024.10.14"]
[SourceQuality "1"]
[WhiteTeam "Tlmace"]
[BlackTeam "Trencin"]
[WhiteTeamCountry "SVK"]
[BlackTeamCountry "SVK"]

1. d4 Nf6 2. Nf3 d5 3. Bf4 c6 4. e3 Bf5 5. a3 e6 6. c4 Nbd7 7. Nc3 Be7 8. Be2 0-0 9. 0-0 h6 10. Nd2 Re8 11. b4 dxc4 12. Nxc4 Nb6 13. Na5 Qd7 14. Rc1 Nbd5 15. Nxd5 exd5 16. b5 cxb5 17. Rc7 Qe6 18. Bxb5 Rec8 19. Rxb7 Bxa3 20. Qa4 Bd6 21. Bxd6 Qxd6 22. Nc6 Rc7 23. Rxc7 Qxc7 24. Qa3 Kh8 25. Ne5 Rc8 26. Ba6 Re8 27. Rc1 Qe7 28. Qa5 Be6 29. Rc7 Qf8 30. Rxa7 Ng4 31. Nxg4 Bxg4 32. Bb7 Qd6 33. Bxd5 Rc8 34. Ra8 f6 35. h3 1-0

[Event "SVK-chT1W 2324"]
[Site "Slovakia"]
[Date "2023.11.26"]
[Round "4.4"]
[White "Skreno, Vladimir"]
[Black "Nemsak, Denis"]
[Result "0-1"]
[WhiteElo "2082"]
[BlackElo "2009"]
[PlyCount "76"]
[EventDate "2023.10.21"]
[EventType "team-tourn"]
[EventRounds "11"]
[EventCountry "SVK"]
[SourceTitle "EXT 2025"]
[Source "ChessBase"]
[SourceDate "2024.10.14"]
[SourceVersion "1"]
[SourceVersionDate "2024.10.14"]
[SourceQuality "1"]
[WhiteTeam "Nitra NSK"]
[BlackTeam "Bratislava Lokomotiva"]
[WhiteTeamCountry "SVK"]
[BlackTeamCountry "SVK"]

1. d4 f5 2. e4 fxe4 3. Nc3 Nf6 4. Bg5 b6 5. Bxf6 exf6 6. Qh5+ g6 7. Qd5 c6 8. Qxe4+ Kf7 9. 0-0-0 d5 10. Qf3 h5 11. h3 Bf5 12. Bd3 Bxd3 13. Qxd3 Bb4 14. Nge2 Qd6 15. g3 Bxc3 16. Nxc3 Nd7 17. Rde1 Rae8 18. Ne2 b5 19. Nf4 f5 20. Qd2 Nb6 21. Rxe8 Rxe8 22. Nd3 Nc4 23. Qh6 Qf6 24. Qh7+ Qg7 25. Qxg7+ Kxg7 26. Kd1 h4 27. gxh4 Re4 28. c3 Rxh4 29. f3 Kf6 30. b3 Na5 31. Ke2 f4 32. Ne5 Rh7 33. Kd3 Kf5 34. h4 c5 35. Rg1 Rxh4 36. Rxg6 Rh2 37. dxc5 Kxe5 38. Ra6 Nc4 0-1

[Event "SVK-chT2B 2324"]
[Site "Slovakia"]
[Date "2023.11.12"]
[Round "4.3"]
[White "Kovac, Lubomir2"]
[Black "Skreno, Vladimir"]
[Result "0-1"]
[WhiteElo "2066"]
[BlackElo "2082"]
[PlyCount "112"]
[EventDate "2023.10.07"]
[EventType "team-tourn"]
[EventRounds "11"]
[EventCountry "SVK"]
[SourceTitle "EXT 2025"]
[Source "ChessBase"]
[SourceDate "2024.10.14"]
[SourceVersion "1"]
[SourceVersionDate "2024.10.14"]
[SourceQuality "1"]
[WhiteTeam "Ziharec"]
[BlackTeam "Tlmace"]
[WhiteTeamCountry "SLO"]
[BlackTeamCountry "SVK"]

1. d4 d5 2. c4 c6 3. Nf3 g6 4. Nc3 Bg7 5. Bf4 Nf6 6. e3 0-0 7. Bd3 Nbd7 8. 0-0 a6 9. Rc1 e6 10. cxd5 exd5 11. b4 Qe7 12. Qb3 b5 13. Ne2 Bb7 14. a4 Nb6 15. axb5 axb5 16. Bxb5 Rfc8 17. Bd3 Ra4 18. Rb1 Bf8 19. b5 Ra3 20. Qd1 cxb5 21. Bxb5 Nc4 22. Bg5 Nd6 23. Bd3 h6 24. Bxf6 Qxf6 25. Ne5 Qe7 26. Rb3 Nc4 27. Rxa3 Qxa3 28. Bxc4 dxc4 29. Qc2 Qb3 30. Qxb3 cxb3 31. f3 Ba6 32. Rb1 Bxe2 33. Rxb3 Bg7 34. Nd7 Rc2 35. Rb8+ Kh7 36. Nc5 Bc4 37. Rd8 Bf6 38. Rd6 Bh4 39. g3 Bg5 40. f4 Be7 41. Rd7 Bxc5 42. dxc5 Be6 43. Rc7 Re2 44. g4 Rxe3 45. f5 gxf5 46. gxf5 Bc4 47. Ra7 Re5 48. c6 Rxf5 49. c7 Be6 50. Kg2 Kg6 51. Kg3 Kf6 52. h3 Rc5 53. h4 h5 54. Kf3 Ke5 55. c8Q Rxc8 56. Ra5+ Bd5+ 0-1